|
|
|
|
| LEADER |
00647nab a2200181 i 4500 |
| 001 |
acta1304 |
| 005 |
20210310151721.0 |
| 008 |
161015s1990 hu o 0|| ger d |
| 022 |
|
|
|a 0237-9554
|
| 040 |
|
|
|a SZTE Egyetemi Kiadványok Repozitórium
|b hun
|
| 041 |
|
|
|a ger
|
| 100 |
1 |
|
|a Sulyok Hedvig
|
| 245 |
1 |
4 |
|a Zur Frage der geschichte der frührussisch-Ungarischen beziehungen
|h [elektronikus dokumentum] /
|c Sulyok Hedvig
|
| 260 |
|
|
|c 1990
|
| 300 |
|
|
|a 91-99
|
| 490 |
0 |
|
|a Dissertationes slavicae. sectio linguistica
|v 21
|
| 695 |
|
|
|a Történelemtudomány
|
| 856 |
4 |
0 |
|u http://acta.bibl.u-szeged.hu/1304/1/dissert_slav_ling_021_091-099.pdf
|z Dokumentum-elérés
|